Aspectos económicos de la Constitución. Alternativas y propuestas para Chile

Saved in:
Bibliografiske detaljer
Andre forfattere: Valdés, Rodrigo (Editor), Vergara, Rodrigo (Editor)
Format: Ukendt
Sprog:engelsk
Udgivet: Santiago, Chile. Fondo de Cultura Económica; CEP, 2021
Udgivelse:2a.ed.
Serier:Colección Economía
Fag:
Online adgang:Disponible Online
Tags: Tilføj Tag
Ingen Tags, Vær først til at tagge denne postø!

MARC

LEADER 00000 a2200000 4500
003 CL-VaPUC
005 20240513151749.0
008 210819b2021 ||||| |||| 00| 0 eng d
999 |c 433422  |d 433420 
020 |a 978-956-289-226-1 
040 |c Pontificia Universidad Católica de Valparaíso 
082 |a 342.83 VAL 2021 
100 1 |a Valdés, Rodrigo  |9 862527  |e editor 
245 1 |a Aspectos económicos de la Constitución.   |b Alternativas y propuestas para Chile 
250 |a 2a.ed. 
260 |a Santiago, Chile.  |b Fondo de Cultura Económica;  |b CEP,   |c 2021 
300 |a 206 páginas  
440 |a Colección Economía   |9 862528 
583 |k GC  |c 20210819 
650 0 |a Economía   |z Chile  |9 255568  |x Políticas públicas 
650 0 |a Economía  |x Historia  |z Chile  |9 862529 
651 |a Chile  |x Política y gobierno  |9 862530 
700 |a Vergara, Rodrigo  |e editor  |9 862547 
856 |u https://bibliografiadigital.pucv.cl/index.php/bibliotecapucv/catalog/book/677  |y Disponible Online 
942 |2 ddc  |c BK 
952 |0 0  |1 0  |2 ddc  |4 0  |6 342_830000000000000_VAL_2021  |7 0  |8 A  |9 578628  |a BIBHIS  |b BIBHIS  |d 2021-08-19  |e 145  |g 18706.00  |i 5587794  |o 342.83 VAL 2021  |p 5587794  |r 2025-01-20  |t 1  |v 18706.00  |w 2021-08-19  |y BK  |k HIS